000 00810nam a2200229 i 4500
001 125522
003 ES-MaACL
005 20230906192639.0
007 t|
008 070615s1982 sp ||||1| spa d
080 _a75 Santamarina, José (064.3)
100 1 _aSantamarina, José.
_9103319
245 1 0 _aSantamarina
_b: [Museo de Bellas Artes de Asturias, Palacio de Velarde... Oviedo, del 10 al 27 de Diciembre 1982].
260 _aOviedo :
_bMuseo de Bellas Artes de Asturias,
_c1982.
300 _a16 h. :
_bil. ;
_c22 cm.
600 1 4 _aSantamarina, José-
_vExposiciones.
_9103320
655 7 _2tgfbne
_9193628
_aCatálogos de exposiciones
710 2 _aMuseo de Bellas Artes de Asturias.
_95843
852 _aES-MaACL
_j2126-F-21
_bR.105218
942 _2udc
999 _c125522
_d125522